00479 a2200169 450000100060000002000180000604000220002410000200004624000370006624500320010330000080013536200090014365000240015294200070017695201090018399900170029261590 a9788510051156 cAnchieta - Pituba aBorges, Clarice10aTempo de geografia, 9º anolpor10aTempo de geografia, 9º ano a3040 a2011 4aGeografia e viagens cBK 00104070a91.1b91.1d2023-11-21l0o910 B732t BOR TEMp13692/PITr2023-11-21 18:29:46w2023-11-21yBK c61590d61590